| 000 | 00702nam a22001811a 4500 | ||
|---|---|---|---|
| 001 | 12393 | ||
| 003 | OSt | ||
| 005 | 20260204212324.0 | ||
| 008 | 150701s1992||||dr ||||||b||||||||||spa|| | ||
| 020 | _a9586076792 | ||
| 082 | _aRD 269.2 C360h | ||
| 110 | _aConferenciaGeneral del Episcopado Latinoamericano12-28 de octubre 1992 Santo Conferencia General del Epicopado Latinoamericano 12-28 de cot 1992: Santo Domingo, República Dominicana | ||
| 245 | _aNueva evangelización, promoción humana cultura cristiana/ Jesucristo hoy y ayer y siempre (hebreo 13,8) | ||
| 264 | _aSanto Domingo: Amigo del Hogar | ||
| 300 | _a209 p. | ||
| 650 | _aEVANGELIZACIÓN 2.CRITIANISMO - CULTURAÌ | ||
| 942 |
_2ddc _cBK |
||
| 999 |
_c12393 _d12393 |
||